000 00726nam a2200205 a 4500
001 000041413
005 20201002034852.0
008 131002s1992 sp 000 0 spa d
020 _a8400072782
040 _aDO-SdBNP
_bspa
_cBNPHU
041 1 7 _aspa
_b[arab]
082 _axxxx
_bxxxx
100 1 _aIbn Rushd, Abû l-Walîd
_cAverroes
_968077
245 1 0 _aEpítome del libro sobre la generación y la corrupción. /
_cAbû l-Walîd Ibn Rushd (Averroes); traducción, Josep Piug Montada.
260 _aMadrid, :
_bConsejo Superior de Investigaciones Científicas,
_c1992.
300 _a73, 86 ;
_c21 cm.
490 1 _aPensamiento Islamico
_v2
700 1 _aPuig Montada, Josep
_968078
830 0 _aPensamiento Islamico
_968079
999 _c40903
_d40903